Capitães Campeões Campeonato Brasileiro Pontos Corridos - Statistics

Estatísticas Gerais
  • Esse quiz foi jogado 114 vezes
    53 desde o último reset
  • A pontuação média é 16 de 21
Estatísticas das Respostas
Ano Pos Resposta % Correto
2006 Goleiro Rogério Ceni
98%
2007 Goleiro Rogério Ceni
98%
2008 Goleiro Rogério Ceni
98%
2010 Ataque Fred
94%
2012 Ataque Fred
94%
2022 Defesa Gustavo Gómez
94%
2023 Defesa Gustavo Gómez
94%
2017 Goleiro Cássio
92%
2013 Goleiro Fábio
92%
2014 Goleiro Fábio
92%
2003 Meio Campo Alex
82%
2009 Goleiro Bruno
80%
2019 Meio Campo Éverton Ribeiro
80%
2020 Meio Campo Diego
78%
2016 Ataque Dudu
76%
2005 Ataque Tévez
69%
2011 Defesa Alessandro
55%
2015 Meio Campo Ralf
55%
2021 Defesa Junior Alonso
51%
2018 Meio Campo Bruno Henrique
49%
2004 Meio Campo Ricardinho
20%
Nenhum quiz correspondente encontrado
Distribuição das Pontuações
Porcentagem de Pessoas com Cada Pontuação
Percentil de Números Respondidos
Sua Pontuação Histórica
Você não jogou esse quiz desde o último reset